LEADER 00986nam--2200349---450- 001 990002041380203316 005 20041001092029.0 035 $a000204138 035 $aUSA01000204138 035 $a(ALEPH)000204138USA01 035 $a000204138 100 $a20041001d1981----km-y0itay0103----ba 101 0 $aita 102 $aIT 105 $a||||||||001yy 200 1 $aCorso di diritto commerciale$etitoli di credito e in particolare cambiali e titoli bancari di pagamento$fAlberto Asquini 210 $aPadova$cCEDAM$d1981 215 $aXX, 447 p.$d24 cm 410 0$12001 454 1$12001 461 1$1001-------$12001 606 0 $aTitoli di credito 676 $a332 700 1$aASQUINI,$bAlberto$0224675 801 0$aIT$bsalbc$gISBD 912 $a990002041380203316 951 $aTesti 439/1$b1049 E.C.$cTesti 959 $aBK 969 $aGIU 979 $aSIAVPROV$b10$c20041001$lUSA01$h0920 996 $aCorso di diritto commerciale$9584461 997 $aUNISA LEADER 01027nam--2200361---450- 001 990002805040203316 005 20060901105745.0 010 $a0-7619-1258-4 035 $a000280504 035 $aUSA01000280504 035 $a(ALEPH)000280504USA01 035 $a000280504 100 $a20060901d1998----km-y0itay0103----ba 101 $aeng 102 $aUS 105 $a||||||||001yy 200 1 $aCitizen governance$eleading American communities into the 21st century$fRichard C. Box 210 $aThousand Oaks$cSage Publications$dc1998 215 $aXIV, 186 p.$d23 cm 410 0$12001 454 1$12001 461 1$1001-------$12001 606 0 $aAmministrazione locale$xpartecipazione pubblica$yStati Uniti 676 $a352.14 700 1$aBOX,$bRichard C.$0594601 801 0$aIT$bsalbc$gISBD 912 $a990002805040203316 951 $aP08 1751$bDISTRA 959 $aBK 969 $aDISTRA 979 $aDISTRA1$b90$c20060901$lUSA01$h1057 996 $aCitizen governance$9995088 997 $aUNISA